| 000 | 01332nam a22003737a 4500 | ||
|---|---|---|---|
| 003 | CHAP | ||
| 005 | 20220329140211.0 | ||
| 008 | 971013s1995 r 00010 d | ||
| 010 | _a48470 | ||
| 011 | _a49442 | ||
| 035 | _a53590 | ||
| 040 | _cCHAP | ||
| 090 | _aTesis | ||
| 100 | 0 | 0 |
_aAguilar Gudiño, Armando. _92722 |
| 245 | _aEstimación de varianza aditiva y heredabilidad en tomate de cáscara (Physalis Ixocarpa, Brot.) CV. rendidora | ||
| 260 |
_aChapingo, Méx. : _bEl autor, _c1995 |
||
| 300 | _a77 h. | ||
| 502 | _aTesis (Ing. Agr. Esp. en Fitotecnia) -- UACH. Departamento de Fitotecnia | ||
| 590 |
_aALEPH _b10 _c20130110 _lUCH01 _h1319 |
||
| 590 |
_aBATCH-UPD _b10 _c20130110 _lUCH01 _h0100 |
||
| 590 |
_aBATCH-UPD _b10 _c20130110 _lUCH01 _h1821 |
||
| 590 |
_aBATCH-UPD _b10 _c20130409 _lUCH01 _h2049 |
||
| 590 |
_aBATCH-UPD _b10 _c20130410 _lUCH01 _h1155 |
||
| 590 |
_aBATCH-UPD _b10 _c20130913 _lUCH01 _h2310 |
||
| 590 |
_aCONVERSION _b10 _c20130109 _lUCH01 _h1326 |
||
| 650 | 1 | 4 |
_aTomate verde _xGenética. _9113816 |
| 650 | 1 | 4 |
_aTomate verde _xMejoramiento. _9113825 |
| 650 | 1 | 4 |
_aTomate verde _xRendimiento. _9113834 |
| 650 | 1 | 4 |
_aTomate verde _xVariedades. _9113840 |
| 901 | _aBK | ||
| 942 | _cFOLL | ||
| 949 |
_bBC _cTES _d-118731 _eTS1 _h28263 _i53590 _si |
||
| 949 |
_bBC _cTES _d33724000007225 _eTS2 _fc.2 _h28264 _i53590 _si |
||
| 999 |
_c48470 _d48470 |
||